Chew. Taster's choice #1 / written & lettered by ... Read More
Available copies
- 1 of 1 copy available at LARL/NWRL Consortium.
- 1 of 1 copy available at Lake Agassiz Regional Library. (Show preferred library)
Current holds
0 current holds with 1 total copy.
Show Only Available Copies
| Location | Call Number / Copy Notes | Barcode | Shelving Location | Status | Due Date |
|---|---|---|---|---|---|
| Crookston Public Library | G LAY (Text) | 33500011090339 | Main | Available | - |
Record details
- ISBN: 9781607061595 (pbk.)
- ISBN: 1607061597 (pbk.)
- Physical Description: 1 v. (unpaged) : chiefly col. ill. ; 26 cm.
- Publisher: Berkeley, Calif. : Image Comics, c2009.
Content descriptions
| General Note: | "Created by John Layman & Rob Guillory." "Originally published in single magazine format as Chew #1-5"--T.p. verso. |
| Summary, etc.: | "Tony Chu is a detective with a secret. A weird ... Read More |
Search for related items by subject
| Genre: | Graphic novels. Graphic novels > United States. Comic books, strips, etc. > United States. Detective and mystery comic books, strips, etc. |
Search for related items by series
| LDR | 02316cam a2200445Ia 4500 | ||
|---|---|---|---|
| 001 | 119809 | ||
| 003 | LARL_NWRL_CONSORTIUM | ||
| 005 | 20100625084524.0 | ||
| 008 | 090819s2009 caua 6 000 1 eng d | ||
| 020 | . | ‡a9781607061595 (pbk.) | |
| 020 | . | ‡a1607061597 (pbk.) | |
| 035 | . | ‡a(OCoLC)432981899 | |
| 043 | . | ‡an-us--- | |
| 082 | 0 | 4. | ‡a741.5973 ‡222 |
| 100 | 1 | . | ‡aLayman, John, ‡d1967- ‡0(LARL_NWRL_CONSORTIUM)133086 |
| 245 | 1 | 0. | ‡aChew. ‡pTaster's choice ‡n#1 / ‡cwritten & lettered by John Layman ; drawn & coloured by Rob Guillory. |
| 246 | 1 | 4. | ‡aChew ‡nVol. 1, ‡pTaster's choice |
| 246 | 3 | 0. | ‡aTaster's choice |
| 246 | 1 | . | ‡iAt head of title: ‡aImage Comics presents |
| 260 | . | ‡aBerkeley, Calif. : ‡bImage Comics, ‡cc2009. | |
| 300 | . | ‡a1 v. (unpaged) : ‡bchiefly col. ill. ; ‡c26 cm. | |
| 490 | 0 | . | ‡aChew; ‡v#1 |
| 500 | . | ‡a"Created by John Layman & Rob Guillory." | |
| 500 | . | ‡a"Originally published in single magazine format as Chew #1-5"--T.p. verso. | |
| 520 | . | ‡a"Tony Chu is a detective with a secret. A weird secret. Tony Chu is Cibopathic, which means he gets psychic impressions from whatever he eats. It also means he's a hell of a detective, as long as he doesn't mind nibbling on the corpse of a murder victim to figure out whodunit, and why. He's been brought on by the Special Crimes Division of the FDA, the most powerful law enforcement agency on the planet, to investigate their strangest, sickest, and most bizarre cases"--P. [4] of cover. | |
| 650 | 0. | ‡aPolice ‡vComic books, strips, etc. | |
| 650 | 0. | ‡aPsychics ‡vComic books, strips, etc. | |
| 610 | 1 | 0. | ‡aUnited States. ‡bFood and Drug Administration ‡vComic books, strips, etc. |
| 650 | 0. | ‡aFood law and legislation ‡zUnited States ‡vComic books, strips, etc. | |
| 655 | 0. | ‡aGraphic novels. | |
| 655 | 0. | ‡aGraphic novels ‡zUnited States. | |
| 655 | 0. | ‡aComic books, strips, etc. ‡zUnited States. | |
| 655 | 0. | ‡aDetective and mystery comic books, strips, etc. | |
| 700 | 1 | . | ‡aGuillory, Rob. ‡0(LARL_NWRL_CONSORTIUM)217167 |
| 901 | . | ‡a119809 ‡bOCLC ‡c119809 ‡tbiblio | |

Add to basket
Permalink
Disable Highlighting